000 00410pab a2200169 454500
008 180718b2010 xxu||||| |||| 00| 0 eng d
100 _aFoster, Heather
245 _aThe development of hinduism in South Australia
260 _c2010
300 _ap.223-33.
362 _aJan-Jun
650 _aHinduism - South Australia
650 _aHinduism
773 _aMan in India
908 _aN
909 _a86584
999 _c86584
_d86584